000 00581nam a2200169 i 4500
001 69624
003 ES-MaACL
005 20230906170548.0
007 t|
008 040708s1949 sp ||||1| spa d
100 1 _aGarcía Fernández de los Ríos, José.
_954606
245 1 0 _aCálculos prácticos de hormigón armado mediante el empleo de ábacos /
_cJosé García Fernández de los Rios.
260 _aMadrid :
_bDossat,
_c1949 (
_fNuevas Gráficas)
300 _a51 p., 34 lám. :
_bil. ;
_c34 cm.
650 4 _aHormigón armado.
_9155789
852 _aES-MaACL
_jG-4404
_bR.28756
999 _c69624
_d69624